000 00303nam a22001337a 4500
008 170929b xxu||||| |||| 00| 0 eng d
020 _a9780155001190
041 _aeng
080 _212 ED
_a37
100 _a47
101 _aEDU
245 _aHARBACE COLLEGE HANDBOOK
_cHODGES.J.C
942 _2udc
_cBK
999 _c30736
_d30736